Statistics for U.S. Ivy League Colleges

Click here to take the quiz!

General Stats

  • This quiz has been taken 75,274 times
    (16,018 since last reset)
  • The average score is 6 of 8

Answer Stats

College% Correct
Harvard
99%
Yale
94%
Brown
80%
Princeton
80%
Columbia
70%
Cornell
64%
Dartmouth
64%
Pennsylvania
64%

Score Distribution

Percentile by Number Answered

Percent of People with Each Score

Your Score History

You have not taken this quiz since the last reset